تحميل...

Samanwayam/

التفاصيل البيبلوغرافية
المؤلف الرئيسي: Namboodiri, K. S.
التنسيق: Printed Book
اللغة:English
منشور في: Kottayam: Sahitya Pravarthaka Co-operative Society, c1985.
الموضوعات:
LEADER 00506 a2200145 4500
008 150103s9999 000 0 eng
082 |a 812  
100 |a Namboodiri, K. S. 
245 |a Samanwayam/ 
260 |a Kottayam:  |b Sahitya Pravarthaka Co-operative Society,  |c c1985. 
300 |a 99 p. 
650 |a Malayalam drama 
942 |c BK 
999 |c 304864  |d 304864 
952 |0 0  |1 0  |2 ddc  |4 0  |6 M_812_000000000000000_NAM_SA  |7 0  |9 349550  |a DRA  |b DRA  |c ST1  |d 2011-09-27  |g 9.00  |i 3572  |l 0  |o M 812 NAM/SA  |p DRA3572  |r 2019-01-03  |w 2019-01-03  |y BK